000 00474nam a2200181Ia 4500
008 151121s9999||||xx |||||||||||||| ||und||
082 _a813-/गोखले
082 _bHNW-7631
100 _aगोखले अरविंद
245 _aकथाई
260 _c--
300 _a140
600 _aगोखले अरविंद
630 _aकथाई
700 _aगोखले अरविंद
730 _aकथाई
942 _cBOOK
999 _c1214324
_d1214321